Melastomataceae (Registro nro. 2955)

Detalles MARC
000 -CABECERA
Campo de control 00631nam a2200241 a 4500
005 - FECHA Y HORA DE LA ULTIMA TRANSACCION
Campo de control 20180803165042.0
008 - ELEMENTOS DE LONGITUD FIJA—INFORMACION GENERAL
Campo de control 140307b1973 ck ||||| |||| 00| 0 spa d
041 ## - IDIOMA
Código de idioma para texto/pista de sonido o título separado Español
044 ## - PAÍS DE PUBLICACIÓN
País de publicación Colombia
090 ## - CLASIFICACIÓN LOCAL
Colección LB
Consecutivo 02726
100 ## - ASIENTO PRINCIPAL--NOMBRE PERSONAL
Nombre personal Lasser, Tobias
245 ## - MENCION DE TITULO
Título Melastomataceae
260 ## - PUBLICACION, DISTRIBUCION, ETC. (PIE DE IMPRENTA)
Lugar de publicación, distribución, etc. Caracas
Nombre del editor, distribuidor, etc. Instituto Botánico
Fecha de publicación, distribución, etc. 1973
300 ## - DESCRIPCION FISICA
Extensión 819 p.
650 ## - ASIENTO SECUNDARIO DE MATERIA - TERMINO TEMATICO
Término temático o nombre geográfico como elemento de entrada Flora
650 ## - ASIENTO SECUNDARIO DE MATERIA - TERMINO TEMATICO
Término temático o nombre geográfico como elemento de entrada Plantas
650 ## - ASIENTO SECUNDARIO DE MATERIA - TERMINO TEMATICO
Término temático o nombre geográfico como elemento de entrada Taxonomía vegetal
650 ## - ASIENTO SECUNDARIO DE MATERIA - TERMINO TEMATICO
Término temático o nombre geográfico como elemento de entrada Claves taxonómicas
650 ## - ASIENTO SECUNDARIO DE MATERIA - TERMINO TEMATICO
Término temático o nombre geográfico como elemento de entrada Identificación de especies
662 ## - ASIENTO SECUNDARIO DE MATERIA - JERARQUIA DEL NOMBRE DE LUGAR(
País o entidad mayor Venezuela
700 ## - ASIENTO SECUNDARIO - NOMBRE PERSONAL
Nombre personal Wurdack, John J.
942 ## - ELEMENTOS ADICIONALES (KOHA)
Tipo de ítem Impreso
Sistema de clasificación Local
Existencias
Withdrawn status Lost status Sistema de Clasificación Damaged status No para préstamo Colección Inventariado Ubicación Permanente Ubicación actual Fecha de adquisición Fuente de Valor Total Checkouts Número topográfico Inventario / Código de Barras Date last seen Ejemplar Price effective from Forma de adquisición Tipo de material
    Local     Botánica Inventariado 2017 Villa de Leyva Villa de Leyva 06/11/2002 Instituto   LB-02726 003715 04/12/2012 V. 1 Ej. 1 04/12/2012   Libro
    Local     Botánica Inventariado 2017 Villa de Leyva Villa de Leyva 06/11/2002 Instituto   LB-02726 003716 04/12/2012 V. 2 Ej. 1 04/12/2012   Libro